Trace metal concentrations in marine organisms /

Bibliographic Details
Main Author: Eisler, Ronald, 1932-
Format: Book
Language:English
Published: New York : Pergamon Press, [1981]
Subjects:

MARC

Tag First Indicator Second Indicator Subfields
LEADER 00000pam a2200000 a 4500
001 in00000097637
005 20150924085325.0
008 811001s1981 nyu b 00010 eng
010 |a  81015798  
020 |a 0080259758 
035 |a (OCoLC)07875320 
035 |9 AAK9261AM 
039 0 |a 2  |b 3  |c 3  |d 3  |e 3 
040 |a DLC  |c DLC  |d TXA  |d UtOrBLW 
049 |a TXAM  |c [933709] 
050 0 0 |a QL121  |b  E38 1981 
082 0 |a 574.19/214  |2 19 
100 1 |a Eisler, Ronald,  |d 1932- 
245 1 0 |a Trace metal concentrations in marine organisms /  |c Ronald Eisler. 
264 1 |a New York :  |b Pergamon Press,  |c [1981] 
264 4 |c ©1981 
300 |a 687 pages ;  |c 25 cm. 
336 |a text  |b txt  |2 rdacontent 
337 |a unmediated  |b n  |2 rdamedia 
338 |a volume  |b nc  |2 rdacarrier 
504 |a Includes bibliographies. 
650 0 |a Marine animals  |x Physiology. 
650 0 |a Marine plants  |x Physiology. 
650 0 |a Trace elements in the body. 
650 0 |a Metals in the body. 
650 0 |a Trace elements  |x Environmental aspects. 
650 0 |a Metals  |x Environmental aspects. 
999 |a MARS 
999 f f |s 5bccf87e-9897-3fd0-b837-96fb37491897  |i 239fe238-a631-3547-b979-26533c14f7e9  |t 0 
952 f f |p ric  |a Texas A&M University  |b Rellis Campus  |c Joint Library Facility  |d Remote Storage  |t 0  |e QL121 E38 1981  |h Library of Congress classification  |i unmediated -- volume  |m A14806017769 
998 f f |a QL121 E38 1981  |t 0  |l Remote Storage